|
|
|
|
| LEADER |
01602nam a2200397 a 4500 |
| 001 |
EBC635054 |
| 003 |
MiAaPQ |
| 005 |
20200520144314.0 |
| 006 |
m o d | |
| 007 |
cr cn||||||||| |
| 008 |
100329s2010 ne ab sb 001 0 eng d |
| 010 |
|
|
|z 2010009987
|
| 020 |
|
|
|z 9789004182431 (hard cover : alk. paper)
|
| 020 |
|
|
|z 9004182438 (hard cover : alk. paper)
|
| 020 |
|
|
|a 9789004186903 (electronic bk.)
|
| 035 |
|
|
|a (MiAaPQ)EBC635054
|
| 035 |
|
|
|a (Au-PeEL)EBL635054
|
| 035 |
|
|
|a (CaPaEBR)ebr10439224
|
| 035 |
|
|
|a (CaONFJC)MIL295241
|
| 035 |
|
|
|a (OCoLC)695982094
|
| 040 |
|
|
|a MiAaPQ
|c MiAaPQ
|d MiAaPQ
|
| 043 |
|
|
|a a-cc---
|a a-si---
|
| 050 |
|
4 |
|a HD9198.C53
|b F855 2010
|
| 100 |
1 |
|
|a Lim, Jason,
|d 1971-
|
| 245 |
1 |
0 |
|a Linking an Asian transregional commerce in tea
|h [electronic resource] :
|b overseas Chinese merchants in the Fujian-Singapore trade, 1920-1960 /
|c by Jason Lim.
|
| 260 |
|
|
|a Leiden ;
|a Boston :
|b Brill,
|c 2010.
|
| 300 |
|
|
|a xxviii, 252 p. :
|b ill., maps.
|
| 490 |
1 |
|
|a Chinese overseas,
|x 1876-3847 ;
|v v. 2
|
| 504 |
|
|
|a Includes bibliographical references and index.
|
| 533 |
|
|
|a Electronic reproduction. Ann Arbor, MI : ProQuest, 2015. Available via World Wide Web. Access may be limited to ProQuest affiliated libraries.
|
| 650 |
|
0 |
|a Tea trade
|z China
|z Fujian Sheng
|x History
|y 20th century.
|
| 650 |
|
0 |
|a Tea trade
|z Singapore
|x History
|y 20th century.
|
| 655 |
|
4 |
|a Electronic books.
|
| 710 |
2 |
|
|a ProQuest (Firm)
|
| 830 |
|
0 |
|a Chinese overseas ;
|v v. 2.
|
| 856 |
4 |
0 |
|u https://ebookcentral.proquest.com/lib/matrademy/detail.action?docID=635054
|z Click to View
|